• 首页
  • 本馆介绍
  • 公告通知
  • 最新文献
  • 馆藏检索
  • 电子资源
  • 读者导购
  • 参考咨询
  • 我的图书馆
  • 登录
  • 详细信息显示
  • 放入我的书架
  • 预约/预借图书
  • 作者相关作品
  • 分类相关作品
  • 丛书相关作品
  • 出版社相关作品

书目信息

  • 表格格式
  • 工作单格式
  • 卡片格式
题名:
冈村宁次回忆录
    
 
作者: 冈村宁次 著 ;稻叶正夫 编
分册:  
出版信息: 北京   中华书局  1981
页数: 471页
开本: 19cm
丛书名:
单 册:
中图分类: K265.306.6 , K837
科图分类:
主题词: 侵华--历史--日本--1937~1945 , 历史 , 地理
电子资源:
ISBN:
000 00752nam0 2200277 450
001 1561441687
005 20150120170426.60
010    @dCNY1.40
091    @a11018.1001
100    @a19950628d1981 em y0chiy0110 ea
101 1  @achi@cjpn
102    @aCN@b110000
105    @ay z 000yy
200 1  @a冈村宁次回忆录@9gang cun ning ci hui yi lu@f(日)冈村宁次著@g稻叶正夫编
210    @a北京@c中华书局@d1981
215    @a471页@d19cm
600  0 @a冈村宁次@x回忆录
606 0  @a侵华@x历史@y日本@z1937~1945
606 0  @a历史
606 0  @a地理
690    @aK265.306.6@v5
690    @aK837@v4
701  1 @a冈村宁次@9gang cun ning ci@4著
702  1 @a稻叶正夫@9dao ye zheng fu@4编
801  0 @aCN@bTSSF@c20150120
905    @aZUCC@dK837@eJY13
    
    冈村宁次回忆录/(日)冈村宁次著/稻叶正夫编.-北京:中华书局,1981
    471页;19cm
    
    
    ISBN :CNY1.40
    
●
相关链接 在E读中查询图书 在五车中查询图书 在当当中查询图书 在豆瓣中查询图书


正题名:冈村宁次回忆录     索取号:K837/JY13         预约/预借

序号 登录号 条形码 馆藏地/架位号 状态 备注
1 7836587   278365877   学院路分馆/ [索取号:K837/JY13] 在馆    
唐山师范学院图书馆 欢迎您!
大连网信软件有限公司© 版权所有